000 00575nam a2200205 4500
003 OSt
005 20240729053217.0
006 a
008 240729b |||||||| |||| 00| 0 eng d
020 _a9789712723056
040 _aDWCL-Main lib.
_cOC
082 _aFil. 808.51 C957p 2009
100 _aCruz-Tapalla, Wilma
245 _aPublic speaking and personality development /
260 _aPasig City :
_bAnvil Pub. , Inc,
_cc2009.
300 _aiv,
_b250 pages ;
_c23 cm.
650 _a1. Public speaking.
650 _a2. Personality.
942 _2ddc
_n0
_cBK - FIL
_kFil.
999 _c2900
_d2900